Central Library OPAC University of Rajshahi

Computer organization / (Record no. 52949)

MARC details
000 -LEADER
fixed length control field 00815nam a2200241 a 4500
001 - CONTROL NUMBER
control field 52949
003 - CONTROL NUMBER IDENTIFIER
rucl marc code BD-RjUL
005 - DATE AND TIME OF LATEST TRANSACTION
control field 20211209075903.0
008 - FIXED-LENGTH DATA ELEMENTS--GENERAL INFORMATION
fixed length control field 161001s2007 ii a b 001 0 eng
020 ## - INTERNATIONAL STANDARD BOOK NUMBER
International Standard Book Number 0070593612
035 ## - SYSTEM CONTROL NUMBER
System control number (BD-RjUL)53069
040 ## - CATALOGING SOURCE
Original cataloging agency DLC
Transcribing agency DLC
Modifying agency BD-RjUL
Language of cataloging eng
041 ## - LANGUAGE CODE
Language code of text/sound track or separate title eng
082 00 - DEWEY DECIMAL CLASSIFICATION NUMBER
Classification number 004.22
Edition number 23
Author mark and year INC 2007
110 1# - MAIN ENTRY--CORPORATE NAME
Relator code Instructional Software Research and Development (ISRD) Group.
245 10 - TITLE STATEMENT
Title Computer organization /
Statement of responsibility, etc. Instructional Software Research and Development (ISRD) Group.
260 ## - PUBLICATION, DISTRIBUTION, ETC. (IMPRINT)
Place of publication, distribution, etc. new Delhi :
Name of publisher, distributor, etc. Tata McGraw-Hill Publishing Company,
Date of publication, distribution, etc. c2007.
300 ## - PHYSICAL DESCRIPTION
Pagination xviii, 287 p. :
Illustrations ill. ;
Size 24 cm.
504 ## - BIBLIOGRAPHY, ETC. NOTE
Bibliography, etc Includes bibliographies and index.
650 #0 - SUBJECT ADDED ENTRY--TOPICAL TERM
Topical term or geographic name as entry element Computer architecture
9 (RLIN) 158295
942 ## - ADDED ENTRY ELEMENTS (KOHA)
Source of classification or shelving scheme Dewey Decimal Classification
Koha item type Books
Holdings
Lost status Source of classification or shelving scheme Damaged status Not for loan Collection code Permanent Location Current Location Shelving location Date acquired Source of acquisition Cost, normal purchase price Total Checkouts Full call number Date last seen Copy number Koha item type
  Dewey Decimal Classification     Non-fiction Central Library, University of Rajshahi Central Library, University of Rajshahi   07/06/2008 Dhaka,Paragon Enterprise Lit., 185.00   004.22 INC 2007 01/10/2016 C-2 Books
  Dewey Decimal Classification   Not For Loan Fiction Central Library, University of Rajshahi Central Library, University of Rajshahi Reading Room 07/06/2008 Paragon enterprises ltd., Dhaka 185.00   004.22 INC 2007 15/03/2017 C-1 Books